000 00408nam a2200181Ia 4500
001 21304
005 20260306172909.0
008 260306t2013||||xx |||||||||||||| ||spa||
041 _aESP
082 _a344.525
_bP26
100 _aGaceta Jurídica
_eAUT
245 0 _aRobo y hurto
260 _c2013
300 _a396 páginas :
_c25 cm.
650 _aGEN
654 _aCDE
942 _cLIB
_dJUS
_fJUS
_2ddc
_n
999 _c21304
_d21304